000 01072nam a2200277Ia 4500
003 OSt
005 20221005112018.0
006 a|||||r|||| 00| 0
007 ta
008 221004b |||||||| |||| 00| 0 san d
020 _a9789381189436 (pbk)
_cINR 150.00
024 _a37471
037 _b275, 10/03/2018, Bharatiya Book Corporation
_cTextual
040 _aCRL
_cCRL
_bsan
041 _2san
_asan
082 _aR635x1,1, 152Q4
100 _aशुक्ला, दिनेश, संपा.
245 0 _aपातान्जलयोग दर्शनम्
246 _aPātānjalayog darshanam
260 _aवाराणसी
_bभारतीय विद्या संस्थान भारत
_c2015
300 _a169पृ0
_ccm.
650 _a पाताजंली योग-सूत्र
650 _aभारतीय दर्शन
942 _hR635x1,1, 152Q4
_cTEXL
_2cc
999 _c1023560
_d1023560